000 00971 a2200193 4500
003 Nust
005 20230526122335.0
010 _a 2002281209
020 _a0538970286
040 _cNust
082 0 0 _a808.0666,ING
100 1 _aIngre, David.
_929497
245 1 0 _aSurvivor's guide to technical writing /
_cDavid Ingre.
260 _aMason, OH :
_bSouth-Western/Thomson Learning,
_cc2003.
300 _a325 p. :
_bill. ;
_c26 cm. +
_e1 CD-ROM (4 3/4 in.)
505 _aBuilding a Foundation (Page-1), Communication Models and the CMAPP Analysis (Page-15), The Technical writing process (Page-39), Research and References (Page-59), Communicating with Graphics and Visuals (Page-79), Describing, Instructing, persuading and Summarizing (Page-107), letters , memos and Electronic Correspondence (Page-137), Reports (Page-165), Proposals (Page-195), Effective presentations (Page-209), Seeking Employment (Page-233).
650 0 _aTechnical writing.
942 _2ddc
_cBK
999 _c186331
_d186331